Science Quiz

Random Science or Elements Quiz

Element Symbols Plus 'T' Quiz Stats

 Plays Quiz Updated Jun 16, 2019

Score 0/33 Timer 06:00
2 Plays Today
Symbol + T % Correct
Cat
87.7%
Bet
83.8%
Bat
83.3%
Art
80.3%
Lit
79.2%
Het
79.2%
Cot
78.7%
Net
78.5%
Cut
77.1%
Rat
77.1%
Bit
76.8%
Sit
75.1%
Nit
75.1%
Pot
74.5%
Set
74.5%
Alt
74.2%
Get
73.8%
Symbol + T % Correct
Pat
73.8%
Fet
72.7%
Gat
72.7%
Act
72.5%
Tat
71.1%
Lat
70.3%
Tit
70.1%
Not
69.8%
Rut
69.8%
Put
69.5%
Ret
69.3%
Tet
68.5%
Mot
68.2%
Hot
68.1%
Att
61.2%
Est
46.6%

You're not logged in!

Compare scores with friends on all Sporcle quizzes.
OR
Log In

Sporcle TV

Today on Sporcle TV


Watch our educational content, quiz creation guides, and fun videos on Sporcle TV.

Show Comments

Extras

Top Quizzes Today


Score Distribution

Your Account Isn't Verified!

In order to create a playlist on Sporcle, you need to verify the email address you used during registration. Go to your Sporcle Settings to finish the process.

Report this User

Report this user for behavior that violates our Community Guidelines.

Details: